=LDR 00000nam 2200000 4500 =001 INLIS000000000031512 =005 20130612133559 =008 ***********************************ind** =035 ##$$0010-061300000031512 =041 ##$$a ind =082 ##$$a 028.55 =090 ##$$a 028.55, Sho, k =100 ##$$a SHOLEHA, Khalisa =245 ##$$a Kanguru yang angkuh , Khalisa Sholeha =260 ##$$a Bestari Kids $b Jakarta =300 ##$$a 26 hlm., , ilus., , 21 cm =650 ##$$a BACAAN KANAK-KANAK =850 ##$$a NBPNMAT =990 ##$$a 0001/BPAP-NTB/20142015